000 00740nam a22002177a 4500
008 090313t xxu||||| |||| 00| 0 eng d
010 _aENG-93202
020 _c90.00
035 _aEN-76735
037 _bDBAD / PUB
040 _adpl
_bEnglish
082 _a378
100 _aSujatha, V.
245 _aBest practices in higher education /
_cby V. Sujatha
260 _aTrichy
_bRajakumaran Publishers
_c2008
270 _a4, Kurinji Street, Annamalai Nagar,
_bTrichy
_e18
300 _a75p.
_c21cm (pbk)
650 _aEducation, Higher.
942 _2ddc
_cEN
_mSUJ
_h378
999 _c25130
_d25130